| 000 | 00560nam a22001937a 4500 | ||
|---|---|---|---|
| 005 | 20251108164709.0 | ||
| 008 | 250721s1986 xx 000 0 ara d | ||
| 082 | 1 | 4 | _a750/يوس |
| 100 | 1 | _aفرنسيس، يوسف | |
| 245 | 1 | 0 | _aكيف تقرأ لوحة ؟ / |
| 264 | 1 |
_aالقاهره : _bالهيئة المصرية العامة للكتاب، _c1986. |
|
| 300 | _a52ص : مص | ||
| 490 | 0 | _aتبسيط الفنون | |
| 650 | 1 | 7 | _aالرسم |
| 650 | 1 | 7 | _aاللوحات فنية |
| 650 | 1 | 7 | _aالألوان |
| 942 |
_2ddc _cBK |
||
| 999 |
_c12085 _d12085 |
||